|
|
|
|
| LEADER |
01142nam a2200265 a 4500 |
| 001 |
GR-Patra23959 |
| 003 |
GR-PaULI |
| 005 |
20250224140328.0 |
| 008 |
080128s2003 enk g 000 0 eng d |
| 020 |
|
|
|a 3540199179
|
| 040 |
|
|
|a GrPaTEI
|b gre
|c GR-PaULI
|e AACR2
|
| 041 |
1 |
|
|a eng
|h ger
|
| 082 |
0 |
4 |
|a 620.004 2
|2 23
|
| 100 |
1 |
|
|a Pahl, G.
|9 198736
|q (Gerhard),
|d 1925-
|e συγγραφέας.
|
| 245 |
1 |
0 |
|a Engineering design :
|b a systematic approach /
|c Gerald Pahl, Wolfgang Beitz ; translated by Ken Wallace, Luciënne Blessing, and Frank Bauert ; edited by Ken Wallace.
|
| 250 |
|
|
|a 2nd ed.
|
| 260 |
|
|
|a London :
|b Springer,
|c 2003.
|
| 300 |
|
|
|a xxx, 544 σ. :
|b εικ. ;
|c 24 εκ.
|
| 504 |
|
|
|a Περιλαμβάνει βιβλιογραφία.
|
| 650 |
|
0 |
|a Τεχνικό σχέδιο
|9 3612
|
| 700 |
1 |
|
|a Beitz, Wolfgang,
|9 118665
|d 1935-
|e συγγραφέας.
|
| 942 |
|
|
|2 ddc
|c BK
|
| 952 |
|
|
|0 0
|1 0
|2 ddc
|4 0
|6 620_004000000000000_2_PAH
|7 0
|9 304282
|a LISP
|b LISP
|c BSC
|d 2021-01-17
|e
|f
|i 35204
|l 0
|o 620.004 2 PAH
|p 025000301094
|r 2021-01-17 00:00:00
|t 1
|w 2021-01-17
|y BK15
|x
|x GrPaTEI
|
| 998 |
|
|
|c ΜΠΟΥΡΑΣ
|d 2023-05
|
| 999 |
|
|
|c 176411
|d 176411
|